000 00695nam a2200241 i 4500
001 000024012
003 DO-SdBNP
005 20231128141033.0
007 ta
008 110118s1990 dr r 000 0 spa d
040 _aDO-SdBNP
_bspa
_cBNPHU
_erda
082 _bG643d
_222
100 1 _aGonzález de Peña, Rafael
_925946
245 1 0 _aDonde esta tu tesoro... /
_cRafael González de Peña.
264 1 _aSanto Domingo :
_bPublicaciones Cersa,
_c1990.
300 _a104 páginas
_c21 cm.
336 _2rdacontent
_atexto
_btxt
337 _2rdamedia
_asin mediación
_bn
338 _2rdacarrier
_avolumen
_bnc
590 _aInventariado, 2023/ YL
910 _aYLockward
942 _2ddc
_cLBS1
999 _c23507
_d23507